[Event "Krefelder SK Turm 1 - SF Essen-Katernbe"]
[Site "NRW-Liga - Gruppe 2 2021/2022"]
[Date "2022.04.10"]
[Round "8.7"]
[White "Krueger, Erich"]
[Black "Maes, Valery"]
[Result "1-0"]
[WhiteElo "2043"]
[BlackElo "2067"]
[PlyCount "79"]
[EventDate "2022.??.??"]
[SourceVersionDate "2020.03.16"]
[WhiteTeam "SF Essen-Katernberg  2"]
[BlackTeam "Krefelder SK Turm 1"]

1. d4 d5 2. c4 e6 3. Nc3 Be7 4. cxd5 exd5 5. Bf4 Nf6 6. e3 c6 7. Bd3 Be6 8. h3
h6 9. Nf3 Nbd7 10. O-O O-O 11. Qc2 a6 12. Na4 Re8 13. Rab1 Ne4 14. b4 b5 15.
Nc5 Nexc5 16. dxc5 Bf6 17. e4 dxe4 18. Bxe4 Qc8 19. Rbd1 a5 20. Rd6 Nb8 21. Ne5
axb4 22. Bh7+ Kh8 23. Re1 Bxe5 24. Bxe5 Nd7 25. Bb2 Nf8 26. Be4 Bd5 27. Rxh6+
Kg8 28. Bh7+ Kh8 29. Bf5+ Kg8 30. Re3 Rxe3 31. fxe3 Ne6 32. Bxe6 Bxe6 33. Qh7+
Kf8 34. Bxg7+ Ke7 35. Qd3 Bd5 36. Bf6+ Ke6 37. e4 Rxa2 38. exd5+ cxd5 39. Bd4+
Ke7 40. Qe3+ 1-0

[Event "Krefelder SK Turm 1 - SF Essen-Katernbe"]
[Site "NRW-Liga - Gruppe 2 2021/2022"]
[Date "2022.04.10"]
[Round "8.8"]
[White "Panjer, Sydney"]
[Black "Blome, Simon"]
[Result "1-0"]
[WhiteElo "2003"]
[BlackElo "1909"]
[Annotator "daniel"]
[PlyCount "69"]
[EventDate "2022.??.??"]
[SourceVersionDate "2020.03.16"]
[WhiteTeam "Krefelder SK Turm 1"]
[BlackTeam "SF Essen-Katernberg  2"]

1. Nf3 Nf6 2. c4 c6 3. d4 d5 4. cxd5 cxd5 5. Nc3 Nc6 6. Bf4 a6 7. Rc1 Nh5 8.
Bd2 e6 9. e3 Be7 10. Bd3 Nf6 11. O-O O-O 12. Na4 Ne4 13. a3 Bd7 14. b4 b6 15.
Qb3 Qb8 16. Rc2 Rc8 17. Rfc1 b5 $11 18. Nc5 Bxc5 19. dxc5 Nxd2 20. Rxd2 Rd8 21.
Qb1 f5 22. Qb3 Qc7 23. Rcd1 Be8 24. Nd4 Bf7 25. Nxc6 Qxc6 26. Qc3 Qc7 27. f3 f4
28. Bc2 fxe3 29. Qxe3 e5 $11 30. Bb3 d4 31. Bxf7+ Kxf7 32. Qb3+ Kf8 33. f4 Rd7
34. fxe5 g6 35. Qf3+ 1-0

[Event "SG Solingen 3 - Godesberger SK 1"]
[Site "NRW-Liga - Gruppe 2 2021/2022"]
[Date "2022.04.10"]
[Round "8.1"]
[White "Seger, Ruediger"]
[Black "Zolfagharian, Kevin"]
[Result "0-1"]
[WhiteElo "2264"]
[BlackElo "2250"]
[PlyCount "106"]
[EventDate "2022.??.??"]
[SourceVersionDate "2020.03.16"]
[WhiteTeam "Godesberger SK 1"]
[BlackTeam "SG Solingen 3"]

1. e4 c5 2. c3 e5 3. Nf3 Nc6 4. Bc4 Be7 5. O-O Nf6 6. d3 h6 7. Re1 O-O 8. Nbd2
d6 9. a4 Be6 10. Bxe6 fxe6 11. Nc4 Rc8 12. Bd2 Qe8 13. b4 cxb4 14. cxb4 d5 15.
exd5 exd5 16. Ncxe5 Nxb4 17. Rc1 Qh5 18. a5 Bd6 19. Qa4 Na6 20. Nd7 Rxc1 21.
Rxc1 Nxd7 22. Qxd7 Qg6 23. Rc8 Rxc8 24. Qxc8+ Kh7 25. Ne1 Nc5 26. Qh3 Nb3 27.
Qe3 Qh5 28. Nf3 Qg4 29. d4 Nxd2 30. Qxd2 Qe4 31. Qb2 Qd3 32. Ne1 Qd1 33. Qc2+
Qxc2 34. Nxc2 Bc7 35. a6 bxa6 36. Kf1 Kg6 37. Nb4 a5 38. Nxd5 Bb6 39. Ke2 Bxd4
40. f4 a4 41. Kd3 a3 42. Nb4 Bg1 43. g4 Bxh2 44. Ke4 Kf6 45. Nd5+ Ke6 46. Nc3
a6 47. f5+ Kf6 48. Na2 Kg5 49. Kf3 Be5 50. Nc1 a5 51. Na2 Bb2 52. Kg3 h5 53.
gxh5 Kxf5 0-1

[Event "SG Solingen 3 - Godesberger SK 1"]
[Site "NRW-Liga - Gruppe 2 2021/2022"]
[Date "2022.04.10"]
[Round "8.2"]
[White "Michalczak, Thomas"]
[Black "Koehler, Christian Friedrich"]
[Result "1-0"]
[WhiteElo "2212"]
[BlackElo "2286"]
[PlyCount "125"]
[EventDate "2022.??.??"]
[SourceVersionDate "2020.03.16"]
[WhiteTeam "SG Solingen 3"]
[BlackTeam "Godesberger SK 1"]

1. e4 e5 2. Nf3 Nc6 3. Bb5 a6 4. Ba4 d6 5. c4 f5 6. exf5 Bxf5 7. d4 exd4 8.
Nxd4 Bd7 9. Nxc6 Bxc6 10. Bxc6+ bxc6 11. O-O Nf6 12. Re1+ Be7 13. Qe2 Qd7 14.
Bd2 Kf7 15. Nc3 Rhe8 16. Qd3 Bf8 17. Bg5 Rxe1+ 18. Rxe1 Re8 19. Rxe8 Qxe8 20.
Kf1 g6 21. Bxf6 Kxf6 22. Ne4+ Ke7 23. Ng5 Kd8 24. Qh3 Qd7 25. Qe6 Qxe6 26.
Nxe6+ Ke7 27. Nxc7 a5 28. Na6 Kd7 29. b4 axb4 30. Nxb4 d5 31. Nd3 dxc4 32. Ne5+
Kd6 33. Nxc4+ Kd5 34. Ne3+ Kd4 35. Ke2 Kc3 36. f4 Bd6 37. g3 Bb8 38. h4 c5 39.
g4 Kd4 40. f5 gxf5 41. gxf5 Bf4 42. Ng2 Be5 43. Ne1 Ke4 44. Nf3 Bf6 45. a4 Kxf5
46. a5 Bd8 47. a6 Bb6 48. Kd3 c4+ 49. Kxc4 Kg4 50. Kb5 Ba7 51. Ne5+ Kxh4 52.
Kc6 h5 53. Kb7 Bf2 54. Nd7 Kg3 55. Nb6 h4 56. a7 h3 57. a8=Q Kg2 58. Qg8+ Bg3
59. Qd5+ Kg1 60. Qd4+ Kf1 61. Nd5 h2 62. Ne3+ Ke2 63. Qe4 1-0

[Event "SG Solingen 3 - Godesberger SK 1"]
[Site "NRW-Liga - Gruppe 2 2021/2022"]
[Date "2022.04.10"]
[Round "8.3"]
[White "Brandt, Sebastian"]
[Black "Asadzade, Idris"]
[Result "0-1"]
[WhiteElo "2131"]
[BlackElo "2189"]
[PlyCount "94"]
[EventDate "2022.??.??"]
[SourceVersionDate "2020.03.16"]
[WhiteTeam "Godesberger SK 1"]
[BlackTeam "SG Solingen 3"]

1. d4 d5 2. c4 e6 3. Nc3 Nf6 4. Nf3 dxc4 5. e4 b5 6. e5 Nd5 7. Nxb5 Nb6 8. Be3
Nc6 9. Rc1 Ba6 10. a4 Na5 11. Nd2 Bxb5 12. axb5 Bb4 13. Qg4 Qd7 14. Rc2 O-O-O
15. Qf3 Nb3 16. Qc6 Bxd2+ 17. Bxd2 Nxd4 18. Qxd7+ Rxd7 19. Rc3 Nxb5 20. Rc1 Rd5
21. f4 Rhd8 22. Be3 Nd4 23. Kf2 Nb3 24. Rc3 Nd2 25. Rc2 Nxf1 26. Rxf1 Kb7 27.
Ra1 Rb5 28. g4 Rd3 29. Ke2 Rdb3 30. Bd4 Rh3 31. Rh1 Rbb3 32. Kf2 Rhf3+ 33. Ke2
Rxf4 34. Bc3 Rxg4 35. Kf3 Rd4 36. Rg1 g6 37. Rf1 Nd5 38. Kg3 Rd3+ 39. Kh4 Ne3
40. Rcf2 Nxf1 41. Rxf1 Rbxc3 42. bxc3 Rxc3 43. Kg5 Re3 44. Kf4 Rh3 45. Rf2 Kc6
46. Kg4 Rh5 47. Re2 Rf5 0-1

[Event "SG Solingen 3 - Godesberger SK 1"]
[Site "NRW-Liga - Gruppe 2 2021/2022"]
[Date "2022.04.10"]
[Round "8.4"]
[White "Wickenfeld, Stefan"]
[Black "Kutzner, Stephen"]
[Result "1/2-1/2"]
[WhiteElo "2124"]
[BlackElo "2117"]
[Annotator "daniel"]
[PlyCount "111"]
[EventDate "2022.??.??"]
[SourceVersionDate "2020.03.16"]
[WhiteTeam "SG Solingen 3"]
[BlackTeam "Godesberger SK 1"]

1. d4 d5 2. Nf3 Nf6 3. g3 c6 4. Bg2 Bf5 5. O-O e6 6. b3 Be7 7. Bb2 Nbd7 8. Nbd2
Ne4 9. Ne5 Nxd2 10. Qxd2 Nxe5 11. dxe5 Qb6 12. Rac1 h6 13. c4 Bg5 14. e3 dxc4
15. Rxc4 Rd8 16. Rd4 O-O 17. Ba3 Rxd4 18. Qxd4 Qxd4 19. exd4 Rc8 20. f4 Bd8 21.
Kf2 Ba5 22. Rc1 g5 23. Ke3 gxf4+ 24. gxf4 Kh7 25. Bc5 Bd8 26. Bf3 Bh4 27. a4 a6
28. b4 Rg8 29. Bd6 h5 30. b5 axb5 31. axb5 Ra8 32. bxc6 Ra2 33. Bxh5 bxc6 34.
Be2 Rb2 35. Rc3 Be1 36. Ra3 Bd2+ 37. Kf3 Bxf4 38. Bd3 Bxd3 $11 39. Kxf4 Bf5 40.
h4 Rg2 41. Rg3 Rxg3 42. Kxg3 Kg6 43. Kf4 Kh5 44. Be7 Bc2 45. Ke3 Kg4 46. Kd2
Be4 47. Kc3 Kh5 48. Kb4 Kg6 49. Kc5 Kh5 50. Kd6 Kg6 51. Kd7 Kh5 52. Ke8 Kg6 53.
Kf8 Bd5 54. h5+ Kxh5 55. Kxf7 Kg4 56. Bc5 1/2-1/2

[Event "SG Solingen 3 - Godesberger SK 1"]
[Site "NRW-Liga - Gruppe 2 2021/2022"]
[Date "2022.04.10"]
[Round "8.5"]
[White "Schulte-Geers, Niklas"]
[Black "Kniest, Oliver"]
[Result "1-0"]
[WhiteElo "2142"]
[BlackElo "2188"]
[PlyCount "99"]
[EventDate "2022.??.??"]
[SourceVersionDate "2020.03.16"]
[WhiteTeam "Godesberger SK 1"]
[BlackTeam "SG Solingen 3"]

1. d4 Nf6 2. c4 e6 3. Nf3 d5 4. Nc3 c6 5. e3 Nbd7 6. Bd3 dxc4 7. Bxc4 b5 8. Be2
a6 9. O-O Bb7 10. b3 c5 11. Bb2 Bd6 12. Rc1 Rc8 13. a4 b4 14. Nb1 O-O 15. Nbd2
cxd4 16. Nc4 Be7 17. Qxd4 Nc5 18. Nfd2 Qxd4 19. Bxd4 Nfe4 20. Nxe4 Nxe4 21. f3
Nc5 22. Na5 Bd5 23. Bc4 Nb7 24. Bxd5 Nxa5 25. Bb6 exd5 26. Bxa5 Rc5 27. Bb6 Rc3
28. Rxc3 bxc3 29. Rc1 Rc8 30. Rc2 f6 31. Ba5 Bc5 32. Rxc3 d4 33. Rc1 d3 34. Kf1
d2 35. Bxd2 Rd8 36. Ke2 Be7 37. Rc7 Kf8 38. b4 Rb8 39. Rc4 Ke8 40. Kd3 Kd7 41.
Rd4+ Kc6 42. Kc4 Rb7 43. Bc3 Rc7 44. Kb3 Rb7 45. e4 Bd6 46. g3 h5 47. Rd5 h4
48. gxh4 Bxh2 49. Kc4 Rc7 50. Rc5+ 1-0

[Event "SG Solingen 3 - Godesberger SK 1"]
[Site "NRW-Liga - Gruppe 2 2021/2022"]
[Date "2022.04.10"]
[Round "8.6"]
[White "Borchert, Stephan"]
[Black "Stenzel, Thomas"]
[Result "1-0"]
[WhiteElo "2106"]
[BlackElo "2070"]
[PlyCount "139"]
[EventDate "2022.??.??"]
[SourceVersionDate "2020.03.16"]
[WhiteTeam "SG Solingen 3"]
[BlackTeam "Godesberger SK 1"]

1. e4 e6 2. d4 d5 3. Nc3 Nc6 4. Nf3 Nf6 5. Bg5 Be7 6. Bxf6 Bxf6 7. Bb5 O-O 8.
Bxc6 bxc6 9. O-O Rb8 10. Rb1 c5 11. dxc5 dxe4 12. Nxe4 Ba6 13. Qxd8 Bxd8 14.
Rfe1 Bc4 15. b3 Bd5 16. Ne5 Re8 17. c4 Ba8 18. b4 Be7 19. b5 f6 20. Nd7 Bxe4
21. Rxe4 Rbd8 22. c6 Kf7 23. a4 f5 24. Rd4 Bc5 25. Rd3 Bf8 26. Rbd1 Ke7 27. f4
g6 28. Kf2 Bg7 29. a5 Rc8 30. Nc5 Kf8 31. Re1 Kf7 32. Rd7+ Re7 33. Nxe6 Rce8
34. c5 Bc3 35. Ng5+ Kf8 36. Nxh7+ Kf7 37. Ng5+ Kf8 38. Rexe7 Rxe7 39. Rxe7 Kxe7
40. Ke3 Bxa5 41. Kd4 Be1 42. Kd5 Bd2 43. Ne6 Ba5 44. h3 Kf6 45. g4 fxg4 46.
hxg4 Ke7 47. g5 Kf7 48. b6 axb6 49. Nxc7 bxc5 50. Nb5 Ke7 51. Na3 Bc7 52. Ke4
Ke6 53. Nb5 Ba5 54. c7 Kd7 55. f5 gxf5+ 56. Kxf5 Bd2 57. g6 Bh6 58. Ke4 Bg7 59.
Kd5 Bf8 60. Kc4 Kc8 61. Kb3 Kb7 62. Kc3 Kc8 63. Kd3 Kd7 64. Ke4 Kc8 65. Ke5 Kd7
66. Kd5 Bh6 67. Kxc5 Be3+ 68. Kd5 Bh6 69. Kc5 Be3+ 70. Nd4 1-0

[Event "SG Solingen 3 - Godesberger SK 1"]
[Site "NRW-Liga - Gruppe 2 2021/2022"]
[Date "2022.04.10"]
[Round "8.7"]
[White "Schaefer, Timo"]
[Black "Auer, Martin"]
[Result "0-1"]
[WhiteElo "1933"]
[BlackElo "2161"]
[PlyCount "96"]
[EventDate "2022.??.??"]
[SourceVersionDate "2020.03.16"]
[WhiteTeam "Godesberger SK 1"]
[BlackTeam "SG Solingen 3"]

1. d4 g6 2. c4 Bg7 3. f3 Nf6 4. e4 d6 5. Nc3 O-O 6. Be3 c5 7. Nge2 Qa5 8. Qd2
Nc6 9. d5 Ne5 10. Nc1 a6 11. Be2 Qc7 12. Nb3 Ne8 13. g4 b5 14. cxb5 axb5 15.
Nxb5 Qb8 16. O-O Ba6 17. a4 Nc7 18. Nxc7 Qxc7 19. Rfc1 Qb7 20. Ra3 Rfb8 21. Rc2
Qd7 22. a5 Rb4 23. Kg2 Qb7 24. Bxa6 Qxa6 25. Nxc5 dxc5 26. Bxc5 Rb7 27. Ra4 h5
28. gxh5 gxh5 29. Qe2 Nd3 30. Be3 Rxb2 31. Rxb2 Nxb2 32. Qxa6 Rxa6 33. Rb4 Rxa5
34. Rb8+ Kh7 35. Rb7 Nc4 36. Bg5 Kg6 37. Bxe7 Be5 38. h4 Ra2+ 39. Kg1 Nd2 40.
Rb6+ Kg7 41. Rc6 Nxf3+ 42. Kf1 Nd2+ 43. Ke1 Nxe4 44. d6 Ra7 45. Ke2 Rd7 46. Ke3
Nxd6 47. Bg5 f6 48. Bf4 Nf7 0-1

[Event "SG Solingen 3 - Godesberger SK 1"]
[Site "NRW-Liga - Gruppe 2 2021/2022"]
[Date "2022.04.10"]
[Round "8.8"]
[White "Peschel, Andreas"]
[Black "Selalmazidis, Arsenis"]
[Result "1-0"]
[WhiteElo "2128"]
[BlackElo "1898"]
[PlyCount "89"]
[EventDate "2022.??.??"]
[SourceVersionDate "2020.03.16"]
[WhiteTeam "SG Solingen 3"]
[BlackTeam "Godesberger SK 1"]

1. d4 Nf6 2. c4 e6 3. Nf3 d5 4. g3 b6 5. Bg2 Bb4+ 6. Nbd2 O-O 7. O-O Bb7 8. Qc2
a5 9. Nb1 Nbd7 10. c5 bxc5 11. a3 cxd4 12. axb4 axb4 13. Rxa8 Bxa8 14. Nxd4 c5
15. Nf3 Qb6 16. Bf4 Bb7 17. Nbd2 Ra8 18. Rd1 Ra2 19. e4 Qa5 20. exd5 exd5 21.
Ne5 Nb6 22. Qb1 Qa4 23. b3 Qa7 24. Be3 Ra5 25. Qc1 Nbd7 26. Nxd7 Nxd7 27. Ne4
d4 28. Bf4 Bd5 29. Qb1 Qa8 30. f3 h6 31. h4 Ra3 32. Nd2 Nb6 33. Rc1 Be6 34. Qd3
Ra1 35. Rxa1 Qxa1+ 36. Kh2 Qc3 37. Qb5 Nd5 38. Ne4 Qxb3 39. Nxc5 Qc3 40. Be5
Ne3 41. Nxe6 Qc2 42. Qe8+ Kh7 43. Nf8+ Kh8 44. Ng6+ Kh7 45. Qh8+ 1-0

[Event "Bielefelder SK 1 - SG Porz 2"]
[Site "NRW-Liga - Gruppe 2 2021/2022"]
[Date "2022.04.10"]
[Round "8.1"]
[White "Marcziter, Dmitrii"]
[Black "Forchert, Martin"]
[Result "1-0"]
[WhiteElo "2263"]
[BlackElo "2269"]
[PlyCount "77"]
[EventDate "2022.??.??"]
[SourceVersionDate "2020.03.16"]
[WhiteTeam "SG Porz 2"]
[BlackTeam "Bielefelder SK 1"]

1. d4 d5 2. c4 c6 3. Nf3 Nf6 4. Nc3 dxc4 5. a4 Bf5 6. e3 e6 7. Bxc4 Bb4 8. O-O
O-O 9. Qe2 Bg4 10. h3 Bh5 11. Rd1 Nbd7 12. e4 Bxf3 13. Qxf3 e5 14. d5 Qe7 15.
dxc6 bxc6 16. Bg5 h6 17. Rxd7 Qxd7 18. Bxf6 gxf6 19. Rd1 Qe7 20. Qg4+ Kh8 21.
Qh5 Rfd8 22. Qxh6+ Kg8 23. Qg6+ Kf8 24. Qh7 Ke8 25. Qh8+ Qf8 26. Qxf6 Bxc3 27.
Rxd8+ Rxd8 28. Qxc6+ Ke7 29. bxc3 Rd1+ 30. Kh2 Qb8 31. Qh6 Rd6 32. Qg5+ f6 33.
Qg7+ Kd8 34. Bd5 Qb6 35. Qg3 Rd7 36. Qf3 Rd6 37. h4 Qa5 38. c4 Ke7 39. Qg3 1-0

[Event "Bielefelder SK 1 - SG Porz 2"]
[Site "NRW-Liga - Gruppe 2 2021/2022"]
[Date "2022.04.10"]
[Round "8.2"]
[White "Gruen, Gerd-Peter"]
[Black "Sabirov, Ramil"]
[Result "1-0"]
[WhiteElo "2202"]
[BlackElo "2148"]
[PlyCount "127"]
[EventDate "2022.??.??"]
[SourceVersionDate "2020.03.16"]
[WhiteTeam "Bielefelder SK 1"]
[BlackTeam "SG Porz 2"]

1. d4 Nf6 2. Nf3 g6 3. g3 Bg7 4. Bg2 O-O 5. O-O d5 6. c4 c6 7. cxd5 cxd5 8. Nc3
Ne4 9. Nxe4 dxe4 10. Ne5 Qd5 11. b3 Bxe5 12. dxe5 Qxe5 13. Bf4 Qe6 14. Qd4 Nc6
15. Qxe4 Qxe4 16. Bxe4 Bf5 17. Bxc6 bxc6 18. Rac1 Rfc8 19. Rc5 Be6 20. Rb1 a5
21. a3 Ra6 22. f3 Rca8 23. Kf2 Rb6 24. Rc3 Rb5 25. Rxc6 Rxb3 26. Rxb3 Bxb3 27.
Rc7 Re8 28. Bd2 a4 29. Bb4 Kf8 30. g4 f6 31. h4 Kf7 32. e4 Ke6 33. f4 Bd1 34.
f5+ Kf7 35. Kg3 Be2 36. Kf4 Bd1 37. g5 gxf5 38. exf5 Be2 39. Bc3 fxg5+ 40. hxg5
Bd1 41. Bb4 Bb3 42. Ke5 Ba2 43. f6 Kg6 44. fxe7 Kxg5 45. Rc2 Bb1 46. Rg2+ Kh5
47. Rf2 Rb8 48. Rf8 Rb5+ 49. Kd4 Bg6 50. e8=Q Bxe8 51. Rxe8 Rb7 52. Ra8 Kg4 53.
Rxa4 h5 54. Kc5 Kf3 55. Kc6 Rh7 56. Be1 Re7 57. Bh4 Re3 58. Ra7 Kg4 59. Be7 Re4
60. Bd6 h4 61. a4 h3 62. a5 Re2 63. Rg7+ Kf3 64. Rg3+ 1-0

[Event "Bielefelder SK 1 - SG Porz 2"]
[Site "NRW-Liga - Gruppe 2 2021/2022"]
[Date "2022.04.10"]
[Round "8.3"]
[White "Mohammadi Nia, Borna"]
[Black "Beilfuß, Wilfried"]
[Result "1/2-1/2"]
[WhiteElo "2141"]
[BlackElo "2137"]
[PlyCount "44"]
[EventDate "2022.??.??"]
[SourceVersionDate "2020.03.16"]
[WhiteTeam "SG Porz 2"]
[BlackTeam "Bielefelder SK 1"]

1. e4 c5 2. Nf3 Nc6 3. Bb5 Nf6 4. Nc3 g6 5. Bxc6 dxc6 6. O-O Bg7 7. d3 O-O 8.
Be3 b6 9. h3 Ne8 10. Nh2 e5 11. f4 exf4 12. Rxf4 Nc7 13. Rf2 Ne6 14. Ng4 f6 15.
Bh6 Bxh6 16. Nxh6+ Kg7 17. Ng4 Nd4 18. Ne3 Be6 19. Qd2 Qd7 20. Ne2 Nxe2+ 21.
Qxe2 Rad8 22. Raf1 Qd4 1/2-1/2

[Event "Bielefelder SK 1 - SG Porz 2"]
[Site "NRW-Liga - Gruppe 2 2021/2022"]
[Date "2022.04.10"]
[Round "8.4"]
[White "Goeßling, Guido"]
[Black "Gallasch, Jonas"]
[Result "0-1"]
[WhiteElo "2126"]
[BlackElo "2091"]
[Annotator "daniel"]
[PlyCount "58"]
[EventDate "2022.??.??"]
[SourceVersionDate "2020.03.16"]
[WhiteTeam "Bielefelder SK 1"]
[BlackTeam "SG Porz 2"]

1. e4 c6 2. d4 d5 3. e5 c5 4. dxc5 e6 5. a3 Nc6 6. Nf3 Bxc5 7. b4 Bb6 8. Bb2
Nge7 9. Nbd2 O-O 10. Bd3 Ng6 11. b5 Nce7 12. g3 f6 13. O-O Qc7 14. Qe2 Bd7 15.
a4 Rae8 16. h4 Nf5 17. Kg2 fxe5 18. h5 e4 19. hxg6 exf3+ 20. Nxf3 hxg6 21. Rae1
Re7 22. Ne5 Be8 23. Qg4 Ba5 24. Re2 Bc3 25. Bxc3 Qxc3 26. Nxg6 Bxg6 27. Qxg6
Rf6 28. Qh5 Ref7 29. Qg5 Nd4 {ZÜ} 0-1

[Event "Bielefelder SK 1 - SG Porz 2"]
[Site "NRW-Liga - Gruppe 2 2021/2022"]
[Date "2022.04.10"]
[Round "8.5"]
[White "Thiemonds, Uli"]
[Black "Forchert, Niko"]
[Result "1/2-1/2"]
[WhiteElo "1993"]
[BlackElo "2069"]
[PlyCount "45"]
[EventDate "2022.??.??"]
[SourceVersionDate "2020.03.16"]
[WhiteTeam "SG Porz 2"]
[BlackTeam "Bielefelder SK 1"]

1. e4 d5 2. exd5 Qxd5 3. d4 e5 4. Nf3 Bg4 5. Be2 exd4 6. O-O Ne7 7. h3 Bh5 8.
Nxd4 Bxe2 9. Nxe2 Nd7 10. Nbc3 Qxd1 11. Rxd1 O-O-O 12. Bf4 a6 13. a3 Nf5 14.
Ne4 h6 15. g4 Nh4 16. Rd3 Be7 17. N2c3 Nb6 18. Rad1 Rxd3 19. Rxd3 Rd8 20. Rxd8+
Kxd8 21. Kf1 Ng6 22. Bg3 Kd7 23. Ke2 1/2-1/2

[Event "Bielefelder SK 1 - SG Porz 2"]
[Site "NRW-Liga - Gruppe 2 2021/2022"]
[Date "2022.04.10"]
[Round "8.6"]
[White "Roemhild, Marcus"]
[Black "Quinones-Maletti, Julio Guillermo"]
[Result "1-0"]
[WhiteElo "2031"]
[BlackElo "2035"]
[PlyCount "87"]
[EventDate "2022.??.??"]
[SourceVersionDate "2020.03.16"]
[WhiteTeam "Bielefelder SK 1"]
[BlackTeam "SG Porz 2"]

1. c4 Nf6 2. Nc3 g6 3. g3 Bg7 4. Bg2 O-O 5. e4 d6 6. Nge2 e5 7. O-O Nbd7 8. d3
a5 9. h3 c6 10. Be3 h6 11. f4 exf4 12. gxf4 Re8 13. Qd2 Kh7 14. Ng3 a4 15. Rad1
Qa5 16. Qf2 a3 17. Rc1 axb2 18. Qxb2 Nc5 19. Qd2 Na4 20. Nge2 Nh5 21. Rf2 f5
22. Kh2 Bd7 23. Bf3 Nf6 24. Rg2 h5 25. Rcg1 Ng4+ 26. Bxg4 fxg4 27. d4 c5 28.
hxg4 cxd4 29. Bxd4 hxg4 30. Kg3 Nxc3 31. Nxc3 g5 32. Rh1+ Kg6 33. f5+ Bxf5 34.
exf5+ Qxf5 35. Bxg7 Qf3+ 36. Kh2 g3+ 37. Kg1 Re3 38. Qxd6+ Kxg7 39. Qh6+ Kf7
40. Qh7+ Ke8 41. Qg6+ Qf7 42. Rh8+ Ke7 43. Qxg5+ Kd7 44. Rd2+ 1-0

[Event "Bielefelder SK 1 - SG Porz 2"]
[Site "NRW-Liga - Gruppe 2 2021/2022"]
[Date "2022.04.10"]
[Round "8.7"]
[White "Kurgulin, Artur"]
[Black "Danielmeier, Ralf"]
[Result "1/2-1/2"]
[WhiteElo "1831"]
[BlackElo "2053"]
[PlyCount "41"]
[EventDate "2022.??.??"]
[SourceVersionDate "2020.03.16"]
[WhiteTeam "SG Porz 2"]
[BlackTeam "Bielefelder SK 1"]

1. Nf3 Nf6 2. d4 g6 3. c4 Bg7 4. Nc3 d5 5. cxd5 Nxd5 6. e4 Nxc3 7. bxc3 c5 8.
Bb5+ Nc6 9. O-O O-O 10. Be3 Bg4 11. d5 Ne5 12. Be2 Nxf3+ 13. Bxf3 Bxf3 14. Qxf3
Bxc3 15. Rab1 b6 16. Bxc5 Be5 17. Be3 Qd6 18. g3 Rfc8 19. Rfc1 Qa3 20. Qe2 Qa4
21. f3 1/2-1/2

[Event "Bielefelder SK 1 - SG Porz 2"]
[Site "NRW-Liga - Gruppe 2 2021/2022"]
[Date "2022.04.10"]
[Round "8.8"]
[White "Doering, Carsten"]
[Black "Marcziter, Alex"]
[Result "1-0"]
[WhiteElo "1967"]
[BlackElo "1580"]
[PlyCount "59"]
[EventDate "2022.??.??"]
[SourceVersionDate "2020.03.16"]
[WhiteTeam "Bielefelder SK 1"]
[BlackTeam "SG Porz 2"]

1. d4 d5 2. c4 e6 3. Nc3 c6 4. e3 f5 5. Nf3 Nf6 6. g3 Bd6 7. Bg2 O-O 8. O-O Bd7
9. Qc2 Be8 10. Ne2 Qe7 11. Nf4 Nh5 12. Nd3 Nd7 13. Bd2 g5 14. Nfe5 Nhf6 15. a3
Bh5 16. Bb4 a5 17. Bxd6 Qxd6 18. Rac1 Rfe8 19. cxd5 exd5 20. Rfe1 Bg6 21. b4
axb4 22. axb4 Rac8 23. Qb2 Qe7 24. b5 Qe6 25. bxc6 bxc6 26. Qb7 Nxe5 27. Nxe5
Qe7 28. Qxe7 Rxe7 29. Nxc6 Rec7 30. Ne7+ 1-0

[Event "Dinslaken- Lippstadt"]
[Site "?"]
[Date "2022.04.10"]
[Round "8.1"]
[White "Wehmeier, Stefan"]
[Black "Sielecki, Christof"]
[Result "1/2-1/2"]
[WhiteElo "2339"]
[BlackElo "2360"]
[PlyCount "118"]
[EventDate "2022.??.??"]
[SourceVersionDate "2020.03.16"]

1. e4 c6 2. d4 d5 3. Nd2 dxe4 4. Nxe4 Nf6 5. Nxf6+ exf6 6. Bc4 Bd6 7. Ne2 O-O
8. O-O Re8 9. Ng3 g6 10. Bh6 Nd7 11. Qf3 Bf8 12. Bxf8 Nxf8 13. d5 cxd5 14. Bxd5
Qe7 15. c4 f5 16. Rfd1 a5 17. Nf1 Nd7 18. Qc3 Nc5 19. Re1 Be6 20. Ne3 Qf8 21.
Rad1 Qg7 22. Qa3 Qf8 23. g3 Rec8 24. Rd4 Rc7 25. Red1 Qc8 26. h4 Qf8 27. b3
Rcc8 28. Qb2 Qg7 29. Qe2 Qe5 30. Qf3 Rab8 31. Ng2 Bxd5 32. cxd5 Ne4 33. d6 Rc2
34. d7 Rd8 35. Ne3 Rxa2 36. Rc4 Nd2 37. Qxb7 Nxc4 38. Qc8 Rxf2 39. Qxd8+ Kg7
40. Qg5 Nxe3 41. d8=Q Nxd1 42. Qxd1 h6 43. Qxh6+ Kxh6 44. Kxf2 f6 45. Qd8 Qb2+
46. Kg1 Qc1+ 47. Kh2 Kh5 48. Qg8 Qb1 49. Qa8 Kg4 50. Qg2 Qe1 51. h5 gxh5 52.
Qh3+ Kg5 53. Qh4+ Kg6 54. Qc4 Qd2+ 55. Kh3 Qd8 56. Qe6 Qa8 57. Kh2 Qb8 58. Kh3
Qa8 59. Kh2 Qb8 1/2-1/2

[Event "Dinslaken- Lippstadt"]
[Site "?"]
[Date "2022.04.10"]
[Round "8.3"]
[White "Hecht, Carsten"]
[Black "Ossig, Rainer"]
[Result "1-0"]
[WhiteElo "2296"]
[BlackElo "2160"]
[PlyCount "65"]
[EventDate "2022.??.??"]
[SourceVersionDate "2020.03.16"]

1. e4 c6 2. d4 d5 3. e5 c5 4. dxc5 e6 5. a3 Bxc5 6. Qg4 Kf8 7. Nf3 Nc6 8. b4
Bb6 9. Bd3 Bc7 10. Bb2 f6 11. exf6 Nxf6 12. Qg5 a6 13. O-O h6 14. Qe3 g5 15.
Re1 Kf7 16. Nbd2 Re8 17. b5 Ng4 18. Bg6+ Kxg6 19. Qd3+ Kh5 20. h3 e5 21. bxc6
e4 22. cxb7 Nxf2 23. bxa8=Q Nxd3 24. cxd3 Qd6 25. Nxe4 dxe4 26. Rxe4 Rf8 27.
Be5 Qb6+ 28. Bd4 Qd6 29. Be5 Qb6+ 30. Kh1 Bxe5 31. Rxe5 Qd6 32. Qd5 Qf6 33.
Rae1 1-0

[Event "Dinslaken- Lippstadt"]
[Site "?"]
[Date "2022.04.10"]
[Round "8.4"]
[White "Sonnenschein, Philipp"]
[Black "Wagner, Alexej"]
[Result "1/2-1/2"]
[WhiteElo "2193"]
[BlackElo "2261"]
[PlyCount "88"]
[EventDate "2022.??.??"]
[SourceVersionDate "2020.03.16"]

1. e4 c5 2. Nf3 d6 3. Bb5+ Bd7 4. Bxd7+ Qxd7 5. c4 Nc6 6. d4 cxd4 7. Nxd4 Nf6
8. Nc3 g6 9. f3 Bg7 10. Be3 O-O 11. O-O Rfc8 12. b3 a6 13. Qd3 Qd8 14. Nxc6
Rxc6 15. Rac1 e6 16. Rfd1 Qa5 17. a4 Rac8 18. Ne2 Ne8 19. Nd4 R6c7 20. Ne2 Qb4
21. Bd2 Qc5+ 22. Qe3 Qxe3+ 23. Bxe3 Bb2 24. Rc2 Ba3 25. Rcd2 Bc5 26. Bxc5 Rxc5
27. Nc3 Kf8 28. Kf2 R8c6 29. Ne2 Rc8 30. Nc3 Ke7 31. Ke3 R8c7 32. Rd4 R5c6 33.
g4 Rb6 34. Rb1 Nf6 35. a5 Rbc6 36. Na4 Nd7 37. Rbd1 Nc5 38. Nxc5 Rxc5 39. Rxd6
Rxa5 40. Rb6 Ra3 41. Rd3 a5 42. b4 axb4 43. Rxb4 Ra2 44. h4 Rc2 1/2-1/2

[Event "Dinslaken- Lippstadt"]
[Site "?"]
[Date "2022.04.10"]
[Round "8.5"]
[White "Grobbel, Rainer"]
[Black "Graeber, Ralf"]
[Result "1/2-1/2"]
[WhiteElo "2121"]
[BlackElo "2138"]
[PlyCount "98"]
[EventDate "2022.??.??"]
[SourceVersionDate "2020.03.16"]

1. d4 Nf6 2. c4 c5 3. d5 b5 4. cxb5 a6 5. bxa6 g6 6. Nc3 d6 7. Nf3 Bg7 8. g3
O-O 9. Bg2 Nxa6 10. O-O Qb6 11. Re1 Nc7 12. e4 Bg4 13. Qc2 Bxf3 14. Bxf3 Nd7
15. Bg2 Nb5 16. Nxb5 Qxb5 17. Bf1 Qb4 18. Re3 Rfb8 19. a3 Qb6 20. Rb1 Bd4 21.
Re1 Rxa3 22. bxa3 Qxb1 23. Qxb1 Rxb1 24. Bd2 Rb2 25. Be3 Ne5 26. Kg2 Bxe3 27.
Rxe3 c4 28. Rc3 Rb3 29. Rc2 Rxa3 30. h3 c3 31. f4 Nd7 32. Kf3 Nc5 33. Ke3 Ra1
34. Be2 Rg1 35. Kf2 Rb1 36. Ke3 Rb2 37. Bd3 Na4 38. Rxb2 cxb2 39. Kd2 Kg7 40.
Bc2 Nc5 41. Kc3 Nd7 42. Kxb2 Nf6 43. g4 Nd7 44. Kc3 Kf6 45. g5+ Kg7 46. Kc4 f6
47. h4 fxg5 48. hxg5 h6 49. gxh6+ Kxh6 1/2-1/2

[Event "Dinslaken- Lippstadt"]
[Site "?"]
[Date "2022.04.10"]
[Round "8.6"]
[White "Cebulla, Konstantin"]
[Black "Tran, Duc"]
[Result "0-1"]
[WhiteElo "2058"]
[BlackElo "2071"]
[PlyCount "64"]
[EventDate "2022.??.??"]
[SourceVersionDate "2020.03.16"]

1. d4 Nf6 2. c4 c5 3. d5 b5 4. cxb5 a6 5. bxa6 g6 6. Nc3 Bxa6 7. Nf3 Bg7 8. e4
Bxf1 9. Kxf1 d6 10. g3 O-O 11. Kg2 Nbd7 12. Qe2 Qb6 13. a4 Rfb8 14. Nb5 Ne8 15.
Bg5 Kf8 16. Rhe1 Nc7 17. e5 Nxe5 18. Nxe5 Bxe5 19. f4 Nxb5 20. fxe5 Nd4 21. Qe4
Qxb2+ 22. Kh3 Nf5 23. exd6 exd6 24. Be7+ Kg8 25. Rab1 Qc3 26. Rec1 Qg7 27. g4
Qh6+ 28. Kg2 Qd2+ 29. Kh3 Nxe7 30. Rd1 Qh6+ 31. Kg3 Re8 32. Re1 Nf5+ 0-1